Statistics for Countries Contained in DEMOCRATIC REPUBLIC OF THE CONGO

Click here to take the quiz!

General Stats

  • This quiz has been taken 114 times
  • The average score is 21 of 39

Answer Stats

country% Correct
Togo
77%
Iran
71%
Oman
71%
Peru
71%
India
69%
Mali
69%
Chad
65%
China
65%
Republic of
the Congo
64%
Chile
63%
Poland
63%
Ireland
62%
Gabon
61%
Iceland
61%
France
60%
Morocco
60%
Cuba
56%
Niger
56%
Tonga
56%
Haiti
55%
Nigeria
55%
Ecuador
54%
Greece
54%
Dominica
51%
Guinea
51%
Portugal
51%
Nepal
50%
Belgium
49%
Eritrea
49%
Monaco
49%
Bhutan
45%
Cameroon
45%
Democratic
Republic of
the Congo
44%
Brunei
42%
Ethiopia
38%
Colombia
37%
Liberia
37%
Mongolia
35%
Niue
23%

Score Distribution

Percentile by Number Answered

Percent of People with Each Score

Your Score History

You have not taken this quiz